000 00605nam a22002297a 4500
003 UA-OsUOA
001 45889
007 ta
008 20111214b un ||||| |||| 00| 0 ukr d
090 _a74
942 _cBK
040 _aUA-OsUOA
_beng
_cUA-OsUOA
_dUA-OsUOA
245 _aThe Book of Creative Ukrainian embrodiery
300 _a16 p.
955 _a4
041 _aeng
080 _a74
260 _c1999
650 7 _a7 Мистецтво. Ігри. Спорт.
_2UDC
999 _c425991
_d425991